Statistics for Most Multilingual Countries

Click here to take the quiz!

General Stats

  • This quiz has been taken 95 times
  • The average score is 12 of 24

Answer Stats

# of Spoken Languages Answer % Correct
301China
92%
23India
89%
454India
89%
24Russia
83%
347United States of America
81%
227Brazil
77%
290Mexico
75%
709Indonesia
74%
*145Canada
67%
259Australia
64%
527Nigeria
60%
*147Malaysia
57%
11S. Africa
51%
840Papua New Guinea
46%
*216D. R. of Congo
39%
*180Philippines
38%
4Switzerland
33%
*134Sudan
32%
16Zimbabwe
25%
4Singapore
25%
280Cameroon
18%
4Netherlands
11%
7Serbia
1%
4Moldova
0%

Score Distribution

Percentile by Number Answered

Percent of People with Each Score

Your Score History

You have not taken this quiz